000 00280nam a22001097a 4500
003 OSt
008 250121b |||||||| |||| 00| 0 eng d
041 _aeng
245 _aDifferential Equations and their Applications
260 _aNew Delhi:
_bMarusa Publication,
_c1984.
942 _cBK
999 _c19095
_d19095